000 00717nam a2200205Ia 4500
001 12406
003 GE_BSU
008 181216s||||||||xx |||||||||||||| ||und||
040 _cGE_BSU
080 _a633.11
245 _aПшеница в СССР.
245 _cПод.ред. Л.М.Жуковского.Ред.Л.А.Синяков
260 _aМ-Л
260 _bСельхозгиз
260 _c1957
300 _a631стр.илл.26см.
520 _aАльфавитный указатель латинских названии видов пшеницы стр.618.Альфавитный указатель сортов пшеницы стр.619
653 _aПшеница в СССР.
942 _cBK
999 _c45580
_d45580